Producción agropecuaria /
"Mucho se habla sobre el cambio climático, los efectos del calentamiento global, los cambios en los vientos y las precipitaciones, el deshielo, la deforestación. También se discute sobre los efectos sobre la salud, el turismo, el aprovechamiento de la energía, el caso de la Antártida, la produc...
Guardado en:
| Autor Principal: | |
|---|---|
| Autores Corporativos: | , |
| Formato: | |
| Publicado: |
Argentina,
2011
|
| Series: | Aire: Cambio Climático
|
| Materias: | |
| Acceso en línea: | https://www.educ.ar/recursos/50437/produccion-agropecuaria |
| Etiquetas: |
Agregar Etiqueta
Sin Etiquetas, Sea el primero en etiquetar este registro!
|
| LEADER | 01907ngm a22004215g 4500 | ||
|---|---|---|---|
| 001 | CEM.cems023867 | ||
| 008 | 130507s2011##################0###0#####d | ||
| 005 | 20250711150535.0 | ||
| 245 | 1 | 0 | |a Producción agropecuaria / |c Carlos Barrientos. |
| 260 | |a Argentina, |c 2011 | ||
| 300 | |a 28'. | ||
| 490 | 0 | |a Aire: Cambio Climático | |
| 500 | |a Consultar en ventanilla. | ||
| 520 | |a "Mucho se habla sobre el cambio climático, los efectos del calentamiento global, los cambios en los vientos y las precipitaciones, el deshielo, la deforestación. También se discute sobre los efectos sobre la salud, el turismo, el aprovechamiento de la energía, el caso de la Antártida, la producción agropecuaria. Aire: cambio climático se propone no solo conocer las verdaderas razones de estos temas y sus efectos sobre la naturaleza y la vida cotidiana, sino también promover una modificación de conductas y hábitos que ayudarán a mitigar sus efectos negativos. Mejorar nuestro planeta y nuestro ambiente es posible." | ||
| 538 | |a Soporte: DVD - Formato: AVI - Resolución: 720 x 540 - 25fps - Grabación DRD | ||
| 100 | 1 | |a Barrientos, Carlos | |
| 710 | 2 | |a Canal Encuentro. | |
| 710 | 2 | |a Universidad Nacional de Tres de Febrero. | |
| 082 | 5 | 7 | |/ BAR |
| 653 | |a ENERGIA | ||
| 653 | |a SALUD | ||
| 653 | |a ENERGIAS ALTERNATIVAS | ||
| 653 | |a CALENTAMIENTO GLOBAL | ||
| 653 | |a AIRE | ||
| 653 | |a CAMBIO CLIMATICO | ||
| 653 | |a EFECTO INVERNADERO | ||
| 653 | |a CONTAMINACION Y DESFORESTACION | ||
| 653 | |a PRODUCCION ALIMENTARIA | ||
| 653 | |a LLUVIAS | ||
| 653 | |a INUNDACIONES | ||
| 653 | |a PRECIPITACIONES | ||
| 653 | |a DESHIELOS | ||
| 653 | |a BOSQUES | ||
| 653 | |a ANTARTIDA | ||
| 653 | |a GLACIARES | ||
| 653 | |a SERIE DE TELEVISIÓN. | ||
| 856 | |u https://www.educ.ar/recursos/50437/produccion-agropecuaria | ||
| 859 | |a CEMS |b BIB. CEMS - Depto. Recursos Didacticos |h 577 |i BAR |k DRD |p 2510.15 |t Ej.1 | ||
